<?xml version="1.0" encoding="UTF-8"?>
<record
    xmlns:xsi="http://www.w3.org/2001/XMLSchema-instance"
    xsi:schemaLocation="http://www.loc.gov/MARC21/slim http://www.loc.gov/standards/marcxml/schema/MARC21slim.xsd"
    xmlns="http://www.loc.gov/MARC21/slim">

  <leader>00573nam a2200169Ia 4500</leader>
  <controlfield tag="001">13844</controlfield>
  <controlfield tag="005">20170328092925.0</controlfield>
  <controlfield tag="008">140402s9999    xx            000 0 und d</controlfield>
  <datafield tag="040" ind1=" " ind2=" ">
    <subfield code="c">PK-LaUMT</subfield>
  </datafield>
  <datafield tag="082" ind1=" " ind2=" ">
    <subfield code="a">ZIAC 297</subfield>
    <subfield code="b">MUH-I</subfield>
  </datafield>
  <datafield tag="100" ind1=" " ind2=" ">
    <subfield code="a">Muhammad Zaheer ud Din Bhatti = &#x645;&#x62D;&#x645;&#x62F; &#x638;&#x6C1;&#x6CC;&#x631; &#x627;&#x644;&#x62F;&#x6CC;&#x646; &#x628;&#x6BE;&#x679;&#x6CC;</subfield>
  </datafield>
  <datafield tag="245" ind1=" " ind2=" ">
    <subfield code="a">Islam =  &#x627;&#x633;&#x644;&#x627;&#x645; :</subfield>
    <subfield code="b">dastoor-e-Hayat =  &#x62F;&#x633;&#x62A;&#x648;&#x631; &#x62D;&#x6CC;&#x627;&#x62A;  /</subfield>
    <subfield code="c">Muhammad Zaheer ud Din Bhatti = &#x645;&#x62D;&#x645;&#x62F; &#x638;&#x6C1;&#x6CC;&#x631; &#x627;&#x644;&#x62F;&#x6CC;&#x646; &#x628;&#x6BE;&#x679;&#x6CC;</subfield>
  </datafield>
  <datafield tag="260" ind1=" " ind2=" ">
    <subfield code="a">Lahore,Pakistan:</subfield>
    <subfield code="b">Islamic Publications,</subfield>
    <subfield code="c">1995</subfield>
  </datafield>
  <datafield tag="300" ind1=" " ind2=" ">
    <subfield code="a">357 p.</subfield>
  </datafield>
  <datafield tag="546" ind1=" " ind2=" ">
    <subfield code="a">EN</subfield>
  </datafield>
  <datafield tag="942" ind1=" " ind2=" ">
    <subfield code="c">BK</subfield>
  </datafield>
  <datafield tag="999" ind1=" " ind2=" ">
    <subfield code="c">14489</subfield>
    <subfield code="d">14489</subfield>
  </datafield>
  <datafield tag="952" ind1=" " ind2=" ">
    <subfield code="0">0</subfield>
    <subfield code="1">0</subfield>
    <subfield code="4">0</subfield>
    <subfield code="7">0</subfield>
    <subfield code="a">01</subfield>
    <subfield code="b">01</subfield>
    <subfield code="d">2014-04-02</subfield>
    <subfield code="l">2</subfield>
    <subfield code="o"> 297 MUH-I</subfield>
    <subfield code="p">16042</subfield>
    <subfield code="r">2016-05-07 00:00:00</subfield>
    <subfield code="s">2016-04-25</subfield>
    <subfield code="w">2014-04-21</subfield>
    <subfield code="y">BK</subfield>
  </datafield>
  <datafield tag="952" ind1=" " ind2=" ">
    <subfield code="0">0</subfield>
    <subfield code="1">0</subfield>
    <subfield code="4">0</subfield>
    <subfield code="7">0</subfield>
    <subfield code="a">01</subfield>
    <subfield code="b">01</subfield>
    <subfield code="d">2017-03-16</subfield>
    <subfield code="l">0</subfield>
    <subfield code="o">ZIAC 297 MUH-I</subfield>
    <subfield code="p">106602</subfield>
    <subfield code="r">2017-03-16 00:00:00</subfield>
    <subfield code="w">2017-03-16</subfield>
    <subfield code="y">BK</subfield>
  </datafield>
</record>
